Gothic Art Now. Ilustración gótica contemporánea.

Saved in:
Bibliographic Details
Main Author: Becket-Griffith, Jasmine (autora, ilustración de la contracubierta)
Other Authors: Rodríguez, Indara (traducción)
Format: Book
Language:Spanish
Published: Barcelona, España: Gustavo Gili, 2009.
Subjects:
Tags: Add Tag
No Tags, Be the first to tag this record!

MARC

LEADER 00000nam a22000007a 4500
003 CL-VaPUC
005 20250321101922.0
008 250116t2009 ||||| |||| 00| 0 spa d
999 |c 446576  |d 446574 
020 |a 978-84-252-2285-6 
040 |c Pontificia Universidad Católica de Valparaíso 
082 |2 22  |a 741.56 BEC 2009 
100 |9 895483  |a Becket-Griffith, Jasmine  |e autora  |e ilustración de la contracubierta 
245 |a Gothic Art Now.  |b Ilustración gótica contemporánea. 
260 |a Barcelona, España:  |b Gustavo Gili,  |c 2009. 
300 |a 191 páginas:  |b ilustraciones. 
500 |a c.1-2: Instituto Arcos. 08-01-2025 
583 |c 20250116  |k Yessy Sthefany Diaz Vidal 
650 0 |9 369481  |a Ilustraciones  |x Arte gótico y fantástico  |y Siglo 21 
650 0 |9 895485  |a Ilustración gótica  |v Diseño digital  |x Caricaturas, historietas, etc. 
700 |9 895484  |a Rodríguez, Indara  |e traducción 
942 |2 ddc  |c BK  |n 0 
952 |0 0  |1 0  |2 ddc  |4 0  |6 741_560000000000000_BEC_2009  |7 0  |8 A  |9 599446  |a BIBINC  |b BIBINC  |d 2025-01-16  |e Instituto Arcos  |i 5664296  |l 1  |o 741.56 BEC 2009  |p 5664296  |r 2025-04-09  |s 2025-04-01  |t 1  |w 2025-01-16  |y BK  |k IFP 
952 |0 0  |1 0  |2 ddc  |4 0  |6 741_560000000000000_BEC_2009  |7 0  |8 A  |9 599447  |a BIBINC  |b BIBINC  |d 2025-01-16  |e Instituto Arcos  |i 5664297  |l 2  |o 741.56 BEC 2009  |p 5664297  |q 2025-04-30  |r 2025-04-23  |s 2025-04-23  |t 2  |w 2025-01-16  |y BK  |k IFP